000 01015nam0a22002411 4500
001 rc\1149048
005 20260406152111.0
035 _a(NLR Aleph) 006394707
090 _a5183086
_c5183086
100 _a20041129d1980 |||y0rusy50 ca
101 0 _arus
102 _aRU
105 _ay |||||||||
200 1 _aМетодические рекомендации по тактике хирургического лечения калькулезных холециститов у лиц пожилого возраста
_fАзерб. гос. мед. ин-т им. Н. Нариманова
_g[Разраб. А.А. Ашрафовым]
210 _aБаку
_cБ. и.
_d1980
215 _a14 с.
_d20
702 1 _aАшрафов
_bА.А.
_4570
712 0 2 _aАзербайджанский медицинский институт им. Н. Нариманова
_cБаку
_3RU\NLR\AUTH\889927587
_9350798
801 0 _aRU
_bNLR
_gpsbo
801 1 _aRU
_bELAR
_2rusmarc
852 _aNLR
_j80-4/22072
942 _cBOOK
980 _aNB